Countries with tallest persons in history Quiz Stats

 Plays Quiz not verified by Sporcle

Challenge
Share
Tweet
Embed
Score 0/55 Timer 05:00
0 Plays Today
Height (cm) Country % Correct
272USA
100%
268USA
100%
263USA
100%
249USA
100%
249USA
100%
241Puerto Rico
100%
236USA
100%
235USA
100%
235USA/Ukraine
100%
234USA
100%
231USA
100%
231USA
100%
242China
97.4%
236China
97.4%
236China
97.4%
236United Kingdom
96.5%
236United Kingdom
96.5%
232United Kingdom
96.5%
231United Kingdom
96.5%
251Canada
93%
246Germany
93%
244Germany
93%
236Germany
93%
249India
91.2%
241India
91.2%
234India
91.2%
241Sovietunion
89.5%
245France
87.7%
Height (cm) Country % Correct
234Japan
87.7%
231Brazil
86.8%
238Austria-Hungary
74.6%
231Argentina
73.7%
257Ukraine
72.8%
251Turkey
72.8%
246Ireland
71.9%
231Ireland
71.9%
234Austria
70.2%
246Iran
64.9%
251Finland
64%
238Pakistan
62.3%
234Pakistan
62.3%
242Indonesia
50.9%
231Romania
50.9%
236Mongolia
47.4%
234Iceland
46.5%
239Belarus
44.7%
231Sudan
43%
236Algeria
38.6%
246Morocco
37.7%
235North Korea
35.1%
235Tunisia
29.8%
233Somalia
27.2%
245Libya
25.4%
234Fiji
14.9%
246Mozambique
14%

You're not logged in!

Compare scores with friends on all Sporcle quizzes.
OR
Log In

You Might Also Like...

Show Comments

Extras

Top Quizzes Today


Score Distribution

Your Account Isn't Verified!

In order to create a playlist on Sporcle, you need to verify the email address you used during registration. Go to your Sporcle Settings to finish the process.

Report this User

Report this user for behavior that violates our Community Guidelines.

Details: